| 000 | 00584nam a2200217 a 4500 | ||
|---|---|---|---|
| 001 | 3182 | ||
| 003 | CO-ViMGA | ||
| 008 | 141112s2004 ck r 000 u spa d | ||
| 040 |
_aCO-ViMGA _bspa _cCO-ViMGA |
||
| 082 | 0 | 4 | _a745.5 H415 |
| 100 | 1 | _aThalheim, Yvone | |
| 245 | 1 | 0 |
_aDecoración de ventanas para la navidad / _cThalheim Yvonne , Nadolny Harald |
| 260 |
_aBarcelona : _bCeac, _c1990 |
||
| 300 | _a31 p : il | ||
| 490 | _aHobby Creative | ||
| 590 | _aEjemplares : 2 | ||
| 650 | 1 | 4 |
_aADORNOS _95011 |
| 650 | 1 | 4 |
_aARTESANIAS _94191 |
| 650 | 1 | 4 | _aDECORACION |
| 942 |
_2ddc _cBK |
||
| 999 |
_c15232 _d15232 |
||